[Event "Gorges op 22th"]
[Site "Gorges"]
[Date "2012.07.09"]
[Round "2"]
[White "Bienfait, Georges"]
[Black "Pille, Edouard"]
[Result "0-1"]
[WhiteElo "1540"]
[BlackElo "1576"]
[PlyCount "66"]
[EventDate "2012.07.08"]
[EventType "swiss"]
[EventRounds "7"]
[EventCountry "FRA"]
[SourceTitle "CBM 149 Extra"]
[Source "ChessBase"]
[SourceDate "2012.08.24"]
[SourceVersion "1"]
[SourceVersionDate "2012.08.24"]
[SourceQuality "1"]

1. e4 e5 2. Nf3 Nc6 3. Bb5 a6 4. Ba4 Nf6 5. 0-0 Be7 6. Re1 b5 7. Bb3 d6 8. h3 Na5 9. c3 Nxb3 10. axb3 Bb7 11. d3 c5 12. c4 0-0 13. Nbd2 Nh5 14. Nf1 f5 15. Nxe5 fxe4 16. dxe4 Nf6 17. Nf3 Nxe4 18. Qe2 Qd7 19. N3d2 Nxd2 20. Qxe7 Qxe7 21. Rxe7 Nxb3 22. Rb1 Rf7 23. Bg5 bxc4 24. Rbe1 Bc6 25. Rxf7 Kxf7 26. Re7+ Kf8 27. Rc7 Bb5 28. Be7+ Kg8 29. Bxd6 Rd8 30. Bxc5 Nxc5 31. Rxc5 Rd1 32. g3 c3 33. Rxb5 axb5 0-1

[Event "Sautron Retif op 0405"]
[Site "Sautron"]
[Date "2004.11.13"]
[Round "2"]
[White "Bienfait, Georges"]
[Black "Brechet, Michel"]
[Result "1-0"]
[WhiteElo "1690"]
[BlackElo "1499"]
[PlyCount "31"]
[EventDate "2004.10.16"]
[EventType "swiss"]
[EventRounds "7"]
[EventCountry "FRA"]
[SourceTitle "EXT 2007"]
[Source "ChessBase"]
[SourceDate "2006.11.23"]
[SourceVersion "1"]
[SourceVersionDate "2006.11.23"]
[SourceQuality "1"]

1. e4 e5 2. Nf3 Nc6 3. d4 exd4 4. Nxd4 Qf6 5. Nxc6 Qxc6 6. Bd3 Nf6 7. 0-0 Be7 8. Nc3 0-0 9. Nd5 Bc5 10. Be3 Bxe3 11. Ne7+ Kh8 12. Nxc6 dxc6 13. fxe3 Bg4 14. Qe1 Rfe8 15. Qh4 Re6 16. Rxf6 1-0

[Event "Sautron Retif op 0405"]
[Site "Sautron"]
[Date "2004.10.16"]
[Round "1"]
[White "Vailland, Patrick"]
[Black "Bienfait, Georges"]
[Result "0-1"]
[WhiteElo "1420"]
[BlackElo "1690"]
[PlyCount "84"]
[EventDate "2004.10.16"]
[EventType "swiss"]
[EventRounds "7"]
[EventCountry "FRA"]
[SourceTitle "EXT 2007"]
[Source "ChessBase"]
[SourceDate "2006.11.23"]
[SourceVersion "1"]
[SourceVersionDate "2006.11.23"]
[SourceQuality "1"]

1. e4 c5 2. Nf3 Nc6 3. d4 cxd4 4. Nxd4 Nf6 5. Nc3 e5 6. Nb3 a6 7. a3 Be7 8. h3 0-0 9. Be3 d6 10. Nd2 Be6 11. Bc4 d5 12. exd5 Nxd5 13. Nxd5 Bxd5 14. Bxd5 Qxd5 15. 0-0 b5 16. Qe2 Nd4 17. Qd3 Bf6 18. Rfd1 Rad8 19. c4 Nf3+ 20. Nxf3 Qxd3 21. Rxd3 Rxd3 22. c5 e4 23. Ne1 Rb3 24. Nc2 Rxb2 25. Rc1 Rc8 26. Nd4 Ra2 27. c6 Rxa3 28. Nf5 Rd3 29. Bb6 g6 30. Ng3 Rc3 31. Rxc3 Bxc3 32. c7 Be5 33. Nxe4 Bxc7 34. Bxc7 Rxc7 35. Nf6+ Kf8 36. Nxh7+ Ke7 37. Ng5 b4 38. Ne4 Rc2 39. Kf1 b3 40. Ke1 b2 41. Nd2 Rxd2 42. Kxd2 b1Q 0-1